01282cam a22002891 4500001001300000003000400013005001700017008004100034010001700075035002000092040004600112050002300158051003200181110002900213245013700242260004300379300006700422490007100489490004200560500014500602500010900747650003000856700003600886700003200922700002100954999001700975gs 07001539 DLC20260227111307.0840925s1907 dcuabf f000 0 eng c ags 07001539  a(OCoLC)11195428 aU.S. Geol. surv. LibrarycCLSdOCoLCdDLC00aTC801b.U2 no. 208 aGB1215b.U59 no. 62cCopy 22 aGeological Survey (U.S.)10aSurface water supply of Missouri river drainage, 1906,cby Robert Follansbee, R.I. Meeker, and J.E. Stewart, district hydrographers. aWashington,bGovt. Print. Off.,c1907. avi, 190, ii p.billus., V pl. (incl. fold. map) diagr.c23 cm.0 aU.S. Geological survey. Water-supply and irrigation papervno. 2080 aP, Hydrographic progress reports,v62 a"This report contains information similar to that published for previous years under the title 'Report of progress of stream measurements'." aTC801.U2 no. 208 bound with Water-supply and irrigation paper no. 209-no. 212 subsequent to publication. 0aWater-supplyzWest (U.S.)1 aFollansbee, Robert,d1879-1952.1 aMeeker, Ralph Inman,d1878-1 aStewart, John E. c24686d24686